[Event "Konakovo Rating 8th"]
[Site "Konakovo"]
[Date "2013.07.17"]
[Round "7"]
[White "Tokarzhevskiy, Aleksey"]
[Black "Guseva, Antonina"]
[Result "1/2-1/2"]
[WhiteElo "1866"]
[BlackElo "1685"]
[PlyCount "110"]
[EventDate "2013.07.06"]
[EventType "tourn"]
[EventRounds "11"]
[EventCountry "RUS"]
[SourceTitle "EXT 2014"]
[Source "ChessBase"]
[SourceDate "2013.11.20"]
[SourceVersion "1"]
[SourceVersionDate "2013.11.20"]
[SourceQuality "1"]

1. e4 c5 2. Nc3 Nc6 3. f4 d6 4. Nf3 g6 5. g3 Bg7 6. Bg2 Bg4 7. h3 Bd7 8. 0-0 Nf6 9. d3 h5 10. Be3 Qc8 11. Kh2 Bg4 12. Qe1 Bxf3 13. Bxf3 Ng4+ 14. Kg2 Nxe3+ 15. Qxe3 Bd4 16. Qd2 Qd7 17. Nd1 f5 18. c3 Bf6 19. exf5 gxf5 20. h4 0-0-0 21. Ne3 Rdg8 22. Kf2 e5 23. Nd5 Qf7 24. Rac1 exf4 25. Nxf4 Be5 26. d4 cxd4 27. cxd4 Bxf4 28. Qxf4 Kd7 29. d5 Ne5 30. Qa4+ Kd8 31. Qa5+ b6 32. Qa3 Qd7 33. Be2 Rh6 34. Ba6 Ke7 35. Rfe1 Kf7 36. Rxe5 dxe5 37. Qe3 Rhg6 38. Qxe5 Re8 39. Qf4 Qd6 40. Rc7+ Kf8 41. Rc6 Qxf4+ 42. gxf4 Rxc6 43. dxc6 Re7 44. Bc8 Rc7 45. Bd7 Ke7 46. Ke3 Rxd7 47. cxd7 Kxd7 48. Kd4 Kd6 49. Kc4 Kc6 50. Kd4 Kd6 51. a4 a6 52. b4 a5 53. b5 Ke6 54. Kc4 Kd6 55. Kd4 Ke6 1/2-1/2

[Event "Konakovo Rating 8th"]
[Site "Konakovo"]
[Date "2013.07.14"]
[Round "1"]
[White "Egiazarov, Emil"]
[Black "Tokarzhevskiy, Aleksey"]
[Result "1-0"]
[WhiteElo "1988"]
[BlackElo "1866"]
[PlyCount "85"]
[EventDate "2013.07.06"]
[EventType "tourn"]
[EventRounds "11"]
[EventCountry "RUS"]
[SourceTitle "EXT 2014"]
[Source "ChessBase"]
[SourceDate "2013.11.20"]
[SourceVersion "1"]
[SourceVersionDate "2013.11.20"]
[SourceQuality "1"]

1. d4 d5 2. c4 c6 3. cxd5 cxd5 4. Bf4 Qa5+ 5. Nc3 Nf6 6. e3 Ne4 7. Qb3 Nc6 8. Qxd5 Qb4 9. Qb3 e5 10. Bxe5 Nxe5 11. dxe5 Bc5 12. Bb5+ Ke7 13. Qxb4 Bxb4 14. Nge2 a6 15. Bd3 Nc5 16. Bc2 Rd8 17. a3 Bxc3+ 18. Nxc3 b5 19. Ke2 Be6 20. Rhd1 Rdc8 21. Rac1 Nd7 22. Be4 Rab8 23. f4 b4 24. Nd5+ Bxd5 25. Rxc8 Rxc8 26. Bxd5 bxa3 27. bxa3 Rc3 28. Rd3 Rc2+ 29. Kf3 Nc5 30. Rd4 Ne6 31. Bxe6 fxe6 32. Rd6 a5 33. Ra6 Rc5 34. Ra7+ Kf8 35. g4 h6 36. h4 g5 37. hxg5 hxg5 38. fxg5 Rxe5 39. Kf4 Rb5 40. e4 Rc5 41. g6 Rb5 42. e5 Rc5 43. Kg5 1-0

[Event "Konakovo Chervonny op"]
[Site "Konakovo"]
[Date "2012.09.20"]
[Round "1"]
[White "Tokarzhevskiy, Aleksey"]
[Black "Shapkin, Anatoliy"]
[Result "0-1"]
[WhiteElo "1860"]
[BlackElo "2109"]
[PlyCount "74"]
[EventDate "2012.09.20"]
[EventType "swiss"]
[EventRounds "7"]
[EventCountry "RUS"]
[SourceTitle "CBM 150 Extra"]
[Source "ChessBase"]
[SourceDate "2012.10.19"]
[SourceVersion "1"]
[SourceVersionDate "2012.10.19"]
[SourceQuality "1"]

1. e4 c5 2. Nf3 d6 3. d4 cxd4 4. Nxd4 Nf6 5. Nc3 a6 6. Be3 Nbd7 7. f4 e6 8. Qd2 Qc7 9. Be2 b5 10. a3 Bb7 11. Bf3 Nc5 12. 0-0-0 Ncxe4 13. Nxe4 Nxe4 14. Bxe4 Bxe4 15. Rhe1 d5 16. Bf2 Bd6 17. Nxe6 fxe6 18. Rxe4 dxe4 19. Qxd6 Qxd6 20. Rxd6 0-0 21. Rxe6 Rxf4 22. Bg3 Rf1+ 23. Kd2 Rg1 24. Rxe4 Rxg2+ 25. Re2 Rd8+ 26. Ke1 Rxe2+ 27. Kxe2 Kf7 28. b3 Ke6 29. c4 bxc4 30. bxc4 Rd4 31. c5 Rc4 32. Bd6 Ra4 33. Bf8 g6 34. Kd2 Kd5 35. Kc3 Rxa3+ 36. Kb4 Ra2 37. Kb3 Rxh2 0-1

[Event "Konakovo Rating 7th"]
[Site "Konakovo"]
[Date "2012.07.22"]
[Round "9"]
[White "Tokarzhevskiy, Aleksey"]
[Black "Podobed, Vladimir"]
[Result "0-1"]
[WhiteElo "1867"]
[BlackElo "2056"]
[PlyCount "80"]
[EventDate "2012.07.18"]
[EventType "tourn"]
[EventRounds "13"]
[EventCountry "RUS"]
[SourceTitle "EXT 2014"]
[Source "ChessBase"]
[SourceDate "2013.11.20"]
[SourceVersion "1"]
[SourceVersionDate "2013.11.20"]
[SourceQuality "1"]

1. e4 d6 2. d4 Nf6 3. Nc3 g6 4. Bc4 Bg7 5. Bg5 c6 6. Bxf6 Bxf6 7. Qf3 0-0 8. 0-0-0 Nd7 9. h4 e5 10. h5 Nb6 11. Bb3 exd4 12. hxg6 hxg6 13. Nce2 c5 14. Bd5 Nxd5 15. exd5 Kg7 16. Ng3 Bg5+ 17. Kb1 Qf6 18. Qe2 Bd7 19. Ne4 Qe7 20. Nxg5 Qxg5 21. Nf3 Qxd5 22. Qd2 Rh8 23. Nh4 Rh5 24. f4 Rah8 25. g3 g5 26. fxg5 Qxg5 27. Qa5 Be6 28. Qc7 Qd5 29. b3 Re5 30. Rhf1 Re8 31. Nf3 Re3 32. Nd2 Bg4 33. Nc4 Bxd1 34. Nxd6 R8e7 35. Qb8 Bg4 36. Rf4 Rxg3 37. Ne8+ Rxe8 38. Qxe8 Qe6 39. Qb5 Rg1+ 40. Kb2 Qe1 0-1

[Event "Konakovo Rating 7th"]
[Site "Konakovo"]
[Date "2012.07.18"]
[Round "1"]
[White "Kovalev, Aleksandr"]
[Black "Tokarzhevskiy, Aleksey"]
[Result "0-1"]
[WhiteElo "1975"]
[BlackElo "1867"]
[PlyCount "82"]
[EventDate "2012.07.18"]
[EventType "tourn"]
[EventRounds "13"]
[EventCountry "RUS"]
[SourceTitle "EXT 2014"]
[Source "ChessBase"]
[SourceDate "2013.11.20"]
[SourceVersion "1"]
[SourceVersionDate "2013.11.20"]
[SourceQuality "1"]

1. e4 e6 2. d4 d5 3. exd5 exd5 4. Nf3 Bg4 5. Be2 Bd6 6. 0-0 Ne7 7. Ne5 Bxe2 8. Qxe2 f6 9. Nf3 Qd7 10. Re1 0-0 11. c4 c5 12. Nc3 cxd4 13. Nxd4 Be5 14. Be3 Rc8 15. cxd5 Nxd5 16. Nxd5 Qxd5 17. Qg4 Rc4 18. Rad1 Nc6 19. b3 Rxd4 20. Bxd4 Bxd4 21. h4 f5 22. Qh5 g6 23. Qe2 Rd8 24. Kf1 Kf7 25. Rd3 Qd6 26. h5 Qe7 27. Qf3 Qh4 28. hxg6+ hxg6 29. g3 Qh3+ 30. Qg2 Qxg2+ 31. Kxg2 Bxf2 32. Rxd8 Bxe1 33. Rd7+ Ke6 34. Rxb7 Ba5 35. a3 Bb6 36. Rg7 Ne7 37. Rh7 Nd5 38. a4 Ne3+ 39. Kf3 Nc2 40. Kf4 Be3+ 41. Kf3 Bc5 0-1

[Event "Konakovo"]
[Site "Konakovo"]
[Date "2012.03.11"]
[Round "10"]
[White "Tokarzhevskiy, Aleksey"]
[Black "Matveev, Aleksandr"]
[Result "0-1"]
[WhiteElo "1941"]
[BlackElo "2081"]
[PlyCount "96"]
[EventDate "2012.03.02"]
[EventType "tourn"]
[EventRounds "13"]
[EventCountry "RUS"]
[SourceTitle "EXT 2014"]
[Source "ChessBase"]
[SourceDate "2013.11.20"]
[SourceVersion "1"]
[SourceVersionDate "2013.11.20"]
[SourceQuality "1"]

1. e4 d6 2. d4 Nf6 3. Nc3 g6 4. Be2 Bg7 5. Be3 Nbd7 6. Qd2 c6 7. Bh6 0-0 8. h4 e5 9. Bxg7 Kxg7 10. Nf3 Re8 11. h5 Qe7 12. hxg6 fxg6 13. 0-0-0 Nf8 14. Nh4 exd4 15. Qxd4 Qe5 16. Qxd6 Qxd6 17. Rxd6 Nxe4 18. Nxe4 Rxe4 19. Bf3 Re5 20. g3 Be6 21. Rhd1 a5 22. a3 Re8 23. Ng2 Rf5 24. R1d3 Bc4 25. Rc3 Bf7 26. g4 Rfe5 27. Ne3 Ne6 28. Kd2 Ng5 29. Bg2 Ne4+ 30. Bxe4 Rxe4 31. Rd7 R8e7 32. Rxe7 Rxe7 33. Rc5 a4 34. f4 Re4 35. f5 Kf6 36. Kd3 Rf4 37. c4 Rf2 38. Kc3 Re2 39. Nc2 Re4 40. fxg6 Bxg6 41. g5+ Ke6 42. Nd4+ Kd6 43. Ra5 b6 44. Ra6 Re3+ 45. Kb4 c5+ 46. Kxa4 cxd4 47. Rxb6+ Kc7 48. Rf6 d3 0-1

[Event "Konakovo"]
[Site "Konakovo"]
[Date "2012.03.10"]
[Round "9"]
[White "Kovalev, Aleksandr"]
[Black "Tokarzhevskiy, Aleksey"]
[Result "1-0"]
[WhiteElo "1955"]
[BlackElo "1941"]
[PlyCount "93"]
[EventDate "2012.03.02"]
[EventType "tourn"]
[EventRounds "13"]
[EventCountry "RUS"]
[SourceTitle "EXT 2014"]
[Source "ChessBase"]
[SourceDate "2013.11.20"]
[SourceVersion "1"]
[SourceVersionDate "2013.11.20"]
[SourceQuality "1"]

1. e4 e6 2. d4 d5 3. exd5 exd5 4. Nf3 Nf6 5. Bd3 Be7 6. h3 0-0 7. 0-0 Nc6 8. c3 h6 9. Be3 Re8 10. Nbd2 a6 11. a3 b5 12. a4 b4 13. c4 a5 14. Ne5 Nxe5 15. dxe5 Nh7 16. Qf3 Be6 17. Rad1 d4 18. Qe4 Nf8 19. Bxd4 Qd7 20. b3 Red8 21. Nf3 g6 22. Qe3 Kh7 23. Bb2 Bf5 24. Be2 Qe8 25. Bc1 Bg5 26. Nxg5+ hxg5 27. Qxg5 Rxd1 28. Rxd1 Qxe5 29. Bf3 Re8 30. Be3 Ne6 31. Qh6+ Kg8 32. Bd5 c5 33. Bxe6 Bxe6 34. Bf4 Qc3 35. Rc1 Qd4 36. Qg5 Bf5 37. g4 Re2 38. Be3 Rxe3 39. Qxe3 Be4 40. Qxd4 cxd4 41. Kf1 g5 42. Ke2 Kf8 43. f3 d3+ 44. Ke3 d2 45. Rd1 Bc2 46. Rxd2 Bxb3 47. Rd4 1-0

[Event "Konakovo"]
[Site "Konakovo"]
[Date "2012.03.07"]
[Round "6"]
[White "Tokarzhevskiy, Aleksey"]
[Black "Baruishnikov, Valeriy"]
[Result "0-1"]
[WhiteElo "1941"]
[BlackElo "2057"]
[PlyCount "99"]
[EventDate "2012.03.02"]
[EventType "tourn"]
[EventRounds "13"]
[EventCountry "RUS"]
[SourceTitle "EXT 2014"]
[Source "ChessBase"]
[SourceDate "2013.11.20"]
[SourceVersion "1"]
[SourceVersionDate "2013.11.20"]
[SourceQuality "1"]

1. e4 e6 2. d4 d5 3. Nd2 Nf6 4. e5 Nfd7 5. Bd3 c5 6. c3 Nc6 7. Ne2 Qb6 8. Nf3 cxd4 9. cxd4 f6 10. exf6 Nxf6 11. 0-0 Bd6 12. a3 0-0 13. b4 Bd7 14. Be3 Ne7 15. Ne5 Bb5 16. Nc3 Bxd3 17. Qxd3 Nf5 18. Na4 Qd8 19. Nc5 Qe7 20. f4 Rac8 21. Rac1 b6 22. Nb3 Bxe5 23. fxe5 Ne4 24. Nd2 Nxd2 25. Bxd2 Qd7 26. b5 Rxc1 27. Rxc1 Rc8 28. Rxc8+ Qxc8 29. g4 Ne7 30. Bb4 Qc1+ 31. Kf2 Qf4+ 32. Ke1 Ng6 33. h3 Nh4 34. Ke2 Ng6 35. Qc3 Qe4+ 36. Kd1 Nf4 37. Bd6 h6 38. Bb8 Qe2+ 39. Kc1 Qxb5 40. Qc8+ Kh7 41. Qc7 Kg6 42. Qc2+ Kg5 43. Bxa7 Qa5 44. Bb8 Qxa3+ 45. Kd1 Qa1+ 46. Kd2 Qxd4+ 47. Ke1 Qg1+ 48. Kd2 Qf2+ 49. Kd1 Qxc2+ 50. Kxc2 0-1

[Event "Konakovo"]
[Site "Konakovo"]
[Date "2012.03.06"]
[Round "5"]
[White "Nazarov, Valeriy"]
[Black "Tokarzhevskiy, Aleksey"]
[Result "1-0"]
[WhiteElo "2235"]
[BlackElo "1941"]
[PlyCount "39"]
[EventDate "2012.03.02"]
[EventType "tourn"]
[EventRounds "13"]
[EventCountry "RUS"]
[SourceTitle "EXT 2014"]
[Source "ChessBase"]
[SourceDate "2013.11.20"]
[SourceVersion "1"]
[SourceVersionDate "2013.11.20"]
[SourceQuality "1"]

1. e4 e5 2. Nf3 Nc6 3. Bb5 a6 4. Ba4 Nf6 5. 0-0 Be7 6. Bxc6 dxc6 7. Nxe5 Nxe4 8. d4 0-0 9. Be3 Be6 10. f4 f6 11. Nf3 Qd5 12. Nbd2 Bd6 13. c4 Qf5 14. Nh4 Qa5 15. Nxe4 Bxc4 16. Rf2 Rfe8 17. Nxd6 cxd6 18. Bd2 Qd5 19. Qg4 Qxd4 20. Nf5 1-0

[Event "Konakovo Chervonny op"]
[Site "Konakovo"]
[Date "2011.09.24"]
[Round "5"]
[White "Kovalev, Aleksandr"]
[Black "Tokarzhevskiy, Aleksey"]
[Result "1-0"]
[WhiteElo "1955"]
[BlackElo "1905"]
[PlyCount "109"]
[EventDate "2011.09.22"]
[EventType "swiss"]
[EventRounds "7"]
[EventCountry "RUS"]
[SourceTitle "EXT 2012"]
[Source "ChessBase"]
[SourceDate "2011.11.24"]
[SourceVersion "1"]
[SourceVersionDate "2011.11.24"]
[SourceQuality "1"]

1. e4 e6 2. d4 d5 3. exd5 exd5 4. Nf3 Nf6 5. Bd3 Bg4 6. 0-0 Be7 7. Re1 0-0 8. Be3 Ne4 9. Nbd2 f5 10. Bf4 Bf6 11. Be2 Nc6 12. c3 g5 13. Be5 Bxf3 14. Nxf3 g4 15. Bxf6 Qxf6 16. Nd2 Qh4 17. g3 Qh5 18. Nxe4 dxe4 19. Qb3+ Kg7 20. Qxb7 Ne7 21. Qxc7 Rae8 22. Qe5+ Rf6 23. h4 Nc6 24. Qf4 e3 25. fxe3 Re4 26. Qf2 Ne7 27. Bd3 Ree6 28. c4 Ng6 29. Rf1 Nxh4 30. gxh4 g3 31. Qf4 Rxe3 32. Rad1 g2 33. Qg5+ Qxg5 34. hxg5 gxf1Q+ 35. Kxf1 Rb6 36. Kf2 Rxd3 37. Rxd3 Rxb2+ 38. Kf3 Rxa2 39. d5 Kf7 40. c5 Rc2 41. d6 Ke8 42. Rd5 a5 43. Re5+ Kd8 44. Ke3 a4 45. Kd4 a3 46. Re3 a2 47. Ra3 f4 48. Kd5 f3 49. Kc6 Rxc5+ 50. Kxc5 f2 51. Kc6 Ke8 52. d7+ Kf7 53. Rf3+ Kg6 54. d8Q a1Q 55. Qf6+ 1-0

[Event "Konakovo Chervonny op"]
[Site "Konakovo"]
[Date "2011.09.23"]
[Round "3"]
[White "Matveev, Aleksandr"]
[Black "Tokarzhevskiy, Aleksey"]
[Result "1-0"]
[WhiteElo "2072"]
[BlackElo "1905"]
[PlyCount "95"]
[EventDate "2011.09.22"]
[EventType "swiss"]
[EventRounds "7"]
[EventCountry "RUS"]
[SourceTitle "EXT 2012"]
[Source "ChessBase"]
[SourceDate "2011.11.24"]
[SourceVersion "1"]
[SourceVersionDate "2011.11.24"]
[SourceQuality "1"]

1. c4 e5 2. Nc3 Nf6 3. g3 d5 4. cxd5 Nxd5 5. Bg2 Be6 6. Nf3 Nc6 7. 0-0 Bc5 8. a3 a5 9. d3 h6 10. Bd2 0-0 11. Rc1 Bb6 12. Na4 Qd7 13. Nxb6 cxb6 14. e4 Nde7 15. Bc3 f6 16. Qe2 Bb3 17. Nd2 Ba4 18. Nc4 Ra6 19. f4 b5 20. Ne3 b4 21. Be1 Rd8 22. Nd5 Nd4 23. Qe3 bxa3 24. bxa3 Nc2 25. Qc5 Nxd5 26. exd5 Rc8 27. Qf2 Nxa3 28. Rxc8+ Qxc8 29. fxe5 fxe5 30. Qf7+ Kh8 31. Be4 Ra8 32. Bc3 Qg8 33. Qxb7 Rf8 34. Ra1 Rb8 35. Qc7 Nb5 36. Qxa5 Nxc3 37. Qxc3 Qf8 38. Rf1 Qe8 39. Qd2 Bd7 40. Qf2 Bh3 41. Re1 Qe7 42. Qe3 Rf8 43. Bg2 Bxg2 44. Kxg2 Re8 45. Qe4 Qc5 46. d4 Qb4 47. dxe5 Qxe4+ 48. Rxe4 1-0